Biopsicología
Saved in:
| Hovedforfatter: | |
|---|---|
| Format: | Bog |
| Sprog: | spansk |
| Udgivet: |
Madrid, España
Prentice Hall
2001
|
| Fag: | |
| Tags: |
Tilføj Tag
Ingen Tags, Vær først til at tagge denne postø!
|
MARC
| LEADER | 00000nam a2200000 a 4500 | ||
|---|---|---|---|
| 001 | UCL9237 | ||
| 003 | CL-VaPUC | ||
| 005 | 20220604074035.0 | ||
| 008 | 040730e20010000SP |||||||||||||||||spa|d | ||
| 999 | |c 310101 |d 310099 | ||
| 020 | |a 8420529893 | ||
| 040 | |c Pontificia Universidad Católica de Valparaíso | ||
| 082 | 0 | 4 | |a 612.8 PIN 2001 |2 21 |
| 100 | 0 | |a Pinel, John P. J |9 487037 | |
| 245 | 1 | 0 | |a Biopsicología |
| 260 | 0 | 3 | |a Madrid, España |b Prentice Hall |c 2001 |
| 300 | |a 637 páginas | ||
| 583 | |a last modification |c 20160307 01:00:16 |k Rodrigo Vera | ||
| 650 | 0 | |a Sistema nervioso |9 266815 | |
| 650 | 7 | |a FISIOLOGIA |2 CL-VaPUC |9 487038 | |
| 650 | 0 | |a Conducta humana |9 269906 | |
| 650 | 0 | |a Genética |9 259443 | |
| 650 | 0 | |a Neuropsicología |9 270837 | |
| 942 | |c BK |2 ddc | ||
| 945 | |d 20040730 00:00:00 |a cmena | ||
| 952 | |0 0 |1 0 |2 ddc |4 0 |6 612_800000000000000_PIN_2001 |7 0 |8 A |9 378188 |a BIBCUR |b BIBCUR |d 2019-11-21 |i 4040465 |l 1 |o 612.8 PIN 2001 |p 4040465 |r 2025-04-22 |s 2024-09-10 |t 1 |w 2019-11-21 |y BK |k BIO | ||
| 952 | |0 0 |1 0 |2 ddc |4 0 |6 612_800000000000000_PIN_2001 |7 0 |8 A |9 378189 |a BIBEDU |b BIBEDU |d 2019-11-21 |i 4170016 |o 612.8 PIN 2001 |p 4170016 |r 2019-11-21 |t 2 |w 2019-11-21 |y BK |k PSI | ||